Nástroje produktovej politiky a technické normy zamerané na zvyšovanie kvality

Nástroje na zvyšovanie výroby environmentálne vhodných výrobkov. Nastavenie správnej ceny produktu tak, aby efekty, ktoré zanecháva na životnom prostredí boli odrazené v cene. Európska štandardizácia a jej úloha pri ochrane životného prostredia a podpore trvalo udržateľného rozvoja. Podporné nástroj...

Descrizione completa

Salvato in:
Dettagli Bibliografici
Autore principale: Jurkovičová, Lujza
Natura: Capitolo di libro
Lingua:slovacco
Soggetti:
Tags: Aggiungi Tag
Nessun Tag, puoi essere il primo ad aggiungerne!!

MARC

LEADER 00000naa$a2200000$$$4500
001 0229723
005 20240502073759.2
041 0 |a slo 
044 |a SK 
245 1 0 |a Nástroje produktovej politiky a technické normy zamerané na zvyšovanie kvality  |c Lujza Jurkovičová 
520 |a Nástroje na zvyšovanie výroby environmentálne vhodných výrobkov. Nastavenie správnej ceny produktu tak, aby efekty, ktoré zanecháva na životnom prostredí boli odrazené v cene. Európska štandardizácia a jej úloha pri ochrane životného prostredia a podpore trvalo udržateľného rozvoja. Podporné nástroje produktovej politiky. Vybrané technické normy s vplyvom na zvyšovanie kvality. 
610 2 0 |a produkty 
610 2 0 |a ceny 
610 2 0 |a ochrana prostredia životného 
610 2 0 |a označovanie tovarov 
610 2 0 |a environmentalistika 
610 2 0 |a normy technické 
610 2 0 |a normy ISO 
610 2 0 |a normy kvality 
100 1 |a Jurkovičová, Lujza